LEADER 01660nam 22004453 450 001 9911035170503321 005 20251022080550.0 010 $a3-8394-0175-5 035 $a(CKB)41665253000041 035 $a(MiAaPQ)EBC32334472 035 $a(Au-PeEL)EBL32334472 035 $a(OCoLC)1545806397 035 $a(EXLCZ)9941665253000041 100 $a20251022d2025 uy 0 101 0 $ager 135 $aur||||||||||| 181 $ctxt$2rdacontent 182 $cc$2rdamedia 183 $acr$2rdacarrier 200 10$aCharles Mills' Politische Philosophie $eEin Nachruf 205 $a1st ed. 210 1$aBielefeld :$ctranscript Verlag,$d2025. 210 4$d©2025. 215 $a1 online resource (199 pages) 311 08$a3-8376-7715-X 330 $aCharles W.Mills war einer der einflussreichsten englischsprachigen Philosophen und spielte eine wichtige Rolle bei der Veränderung des Diskurses der politischen Philosophie. Die Beiträger*innen liefern eine Weiterentwicklung von Mills politischer Theorie, eine Interpretation seiner erkenntnistheoretischen Überlegungen und zeigen. 606 $aPHILOSOPHY / Ethics & Moral Philosophy$2bisacsh 606 $aPHILOSOPHY / Movements / Critical Theory$2bisacsh 606 $aPHILOSOPHY / Social$2bisacsh 615 7$aPHILOSOPHY / Ethics & Moral Philosophy 615 7$aPHILOSOPHY / Movements / Critical Theory 615 7$aPHILOSOPHY / Social 700 $aHänel$b Hilkje C$01854054 801 0$bMiAaPQ 801 1$bMiAaPQ 801 2$bMiAaPQ 906 $aBOOK 912 $a9911035170503321 996 $aCharles Mills' Politische Philosophie$94451081 997 $aUNINA